|
|
|
|
| LEADER |
00000nam a2200000 a 4500 |
| 001 |
vtls001223269 |
| 003 |
SK-MaSNL |
| 005 |
20260301003213.0 |
| 008 |
240313s1996 xo f 0 slo |
| 020 |
|
|
|a 8080470154
|c b.c.
|
| 035 |
|
|
|a SNK000169260
|
| 040 |
|
|
|a SNK
|b slo
|c SNK
|e AACR2
|
| 044 |
|
|
|a xo
|c SK
|
| 100 |
1 |
|
|a Jackson, Lilian
|4 aut
|9 284151
|
| 245 |
1 |
|
|a Mačka, ktorá pozná farby, 4.zv.
|
| 260 |
|
|
|a Levoča
|b Ústredná knižnica pre nevidiacich Mateja Hrebendu
|c 1996
|
| 655 |
|
7 |
|a KST
|2 SNK
|9 284065
|
| 919 |
|
|
|a 80-8047-015-4
|
| 999 |
|
|
|c 538947
|d 540877
|
| 952 |
|
|
|t P60, <03>, [BOOK], {603}
|a SNK
|b SNK
|y PREZ
|7 0
|p 17A0022084
|o snkOSB 11187/4
|i snkKSP 10174/96
|0 0
|1 0
|4 0
|d 1996-11-22
|l 0
|r 2005-01-01 00:00:00
|w 2026-02-23
|